A first course in complex analysis with applications (Record no. 4425)

000 -LEADER
fixed length control field 00581 a2200181 4500
020 ## - INTERNATIONAL STANDARD BOOK NUMBER
International Standard Book Number 0763714372
040 ## - CATALOGING SOURCE
Original cataloging agency DLC
Language of cataloging DLC
082 00 - DEWEY DECIMAL CLASSIFICATION NUMBER
Classification number 515.9
100 1# - MAIN ENTRY--PERSONAL NAME
Personal name Zill, Dennis G.,
245 12 - TITLE STATEMENT
Title A first course in complex analysis with applications
Statement of responsibility, etc. Dennis G. Zill, Patrick D. Shanahan.
246 30 - VARYING FORM OF TITLE
Title proper/short title Complex analysis
260 ## - PUBLICATION, DISTRIBUTION, ETC.
Place of publication, distribution, etc. Boston :
Name of publisher, distributor, etc. Jones and Bartlett,
Date of publication, distribution, etc. c2003.
300 ## - PHYSICAL DESCRIPTION
Extent 1 v. (various pagings) :
Other physical details ill. (some col.) ;
Dimensions 27 cm.
500 ## - GENERAL NOTE
General note Includes indexes.
650 #0 - SUBJECT ADDED ENTRY--TOPICAL TERM
Topical term or geographic name entry element Functions of complex variables.
700 1# - ADDED ENTRY--PERSONAL NAME
Personal name Shanahan, Patrick,
Dates associated with a name 1931-
942 ## - ADDED ENTRY ELEMENTS (KOHA)
Koha item type Book
Call number prefix 515.9 ZIL
Source of classification or shelving scheme
Holdings
Withdrawn status Lost status Source of classification or shelving scheme Damaged status Not for loan Permanent Location Current Location Shelving location Date acquired Source of acquisition Cost, normal purchase price Total Checkouts Total Renewals Full call number Barcode Date last seen Date last checked out Price effective from Koha item type Collection code Checked out
          Central Library (CL) Central Library (CL) General Stacks 04/05/2005 Allied Book Company 2177.80 6 7 515.9 ZIL SEECS005500 01/28/2026 10/08/2025 01/05/2017 Book    
          Central Library (CL) Central Library (CL) General Stacks 03/18/2004 Allied Book Company 2091.51 5 1 515.9 ZIL SEECS004268 07/04/2024 07/04/2024 01/05/2017 Book   11/01/2024
          US-Pakistan Center for Advanced Studies in Energy (USPCAS-E) US-Pakistan Center for Advanced Studies in Energy (USPCAS-E)   04/13/2026         515.9 ZIL CAS-E0005755 04/13/2026   04/13/2026 Book    
© 2023 Central Library, National University of Sciences and Technology. All Rights Reserved.